000 00585nam a22002177a 4500
001 68150
003 BD-RjUL
005 20211209081733.0
008 170330s1959 enka|||| |||| 001 0 eng d
035 _a(BD-RjUL)68360
040 _aBD-RjUL
_beng
_cBD-RjUL
041 _aeng
082 _223
_a631.53
_bFOP 1959
100 1 _aFogg, H. G. Witham.
_9202024
245 1 0 _aPlant propagation /
_cH. G. Witham Fogg.
260 _aLondon :
_bFoyles,
_cc1959.
300 _a100 p. :
_bill. ;
_c18 cm.
500 _aIncludes index.
650 _aPlant propagation.
_9202025
942 _2ddc
_cBK
999 _c68150
_d68150